[Event "Chigorin Memorial 2014"]
[Site "St Petersburg RUS"]
[Date "2014.10.23"]
[Round "6.129"]
[White "Dyakonova, Ekaterina"]
[Black "Azimov, Ilyas"]
[Result "1-0"]
[WhiteElo "2112"]
[BlackElo "1938"]
[WhiteFideId "24172936"]
[BlackFideId "24175226"]
[EventDate "2014.10.18"]

1. e4 c5 2. Nf3 d6 3. c3 Nf6 4. h3 Nc6 5. d3 g6 6. Be2 Bg7 7. O-O O-O 8. Re1 e5
9. Be3 h6 10. Nbd2 Be6 11. d4 cxd4 12. cxd4 exd4 13. Nxd4 Nxd4 14. Bxd4 Nd7 15.
Bxg7 Kxg7 16. Nc4 Bxc4 17. Bxc4 Qb6 18. Qd2 Rac8 19. Bb3 Nf6 20. Rad1 Rfd8 21.
Qf4 Qb4 22. Re3 g5 23. Qf5 Qc5 24. Bd5 Qc2 25. Red3 Qxb2 26. Bxf7 Rf8 27. Qg6+
Kh8 28. R3d2 Qe5 29. Qxh6+ Nh7 30. Bg6 Qg7 31. Qxg7+ Kxg7 32. Bxh7 Kxh7 33. Rxd6
Rc2 34. R1d2 1-0

[Event "Chigorin Memorial 2014"]
[Site "St Petersburg RUS"]
[Date "2014.10.23"]
[Round "6.130"]
[White "Okun, Evgeny"]
[Black "Skvortsov, Sergey"]
[Result "1-0"]
[WhiteElo "2108"]
[BlackElo "1934"]
[WhiteFideId "24131806"]
[BlackFideId "24188689"]
[EventDate "2014.10.18"]

1. g3 Nf6 2. f4 e6 3. Bg2 d5 4. Nf3 b6 5. O-O Bb7 6. d3 g6 7. Ne5 h5 8. h3 Nbd7
9. c4 Bg7 10. Nc3 O-O 11. Nxd7 Qxd7 12. e4 dxc4 13. dxc4 Qc6 14. Qe2 e5 15. f5
Rad8 16. Bg5 Kh7 17. Rf3 Rd4 18. Raf1 Ba8 19. b3 Qc5 20. Kh2 Qd6 21. Bxf6 Bxf6
22. Nd5 Bg7 23. fxg6+ fxg6 24. Rxf8 Bxf8 25. Qf2 Bg7 26. Qf7 Kh6 1-0

[Event "Chigorin Memorial 2014"]
[Site "St Petersburg RUS"]
[Date "2014.10.23"]
[Round "6.131"]
[White "Nasibullin, Iskander"]
[Black "Bratus, Petr P"]
[Result "1-0"]
[WhiteElo "1907"]
[BlackElo "2106"]
[WhiteFideId "34124273"]
[BlackFideId "4168682"]
[EventDate "2014.10.18"]

1. e4 c5 2. c3 d5 3. exd5 Qxd5 4. d4 e6 5. Nf3 Nf6 6. Bd3 Nc6 7. O-O cxd4 8.
cxd4 Be7 9. Nc3 Qd6 10. Bg5 O-O 11. Rc1 a6 12. Qd2 g6 13. Bb1 Qd8 14. Rfd1 Nb4
15. Bh6 Re8 16. Ne5 Bd7 17. Qf4 Nbd5 18. Qf3 Rc8 19. Ne4 Bc6 20. Ng5 Nb4 21. Qh3
Qd5 22. Ngxf7 Nxa2 23. Bxa2 Qxa2 24. Nxc6 Rxc6 25. Ne5 Rxc1 26. Rxc1 Bd8 27. b3
Qa5 28. Qd3 Qd5 29. Qg3 Qe4 30. Qc3 Bb6 31. Qc8 Qd5 32. Ng4 Rxc8 33. Rxc8+ Kf7
34. Ne5+ Qxe5 35. dxe5 Ng4 36. Rf8+ Ke7 37. Bg7 Nxe5 38. Rb8 Nd7 39. Rh8 h5 40.
Bc3 e5 41. Rh7+ Ke6 42. Rg7 Bd4 43. Bxd4 exd4 44. Rxg6+ Nf6 45. Kf1 a5 46. Ke2
b5 47. Kd3 a4 1-0

[Event "Chigorin Memorial 2014"]
[Site "St Petersburg RUS"]
[Date "2014.10.23"]
[Round "6.132"]
[White "Gurvich, Vitaly"]
[Black "Shuvalov, Arvind"]
[Result "1-0"]
[WhiteElo "2106"]
[BlackElo "1900"]
[WhiteFideId "24164852"]
[BlackFideId "24199079"]
[EventDate "2014.10.18"]

1. d4 Nf6 2. c4 g6 3. Nc3 Bg7 4. e4 d6 5. Nf3 O-O 6. Be2 e5 7. d5 a5 8. Bg5 h6
9. Bh4 Na6 10. Nd2 Qe8 11. O-O Bd7 12. Nb5 Nh7 13. a3 h5 14. f3 Bh6 15. Kh1 Kh8
16. Qc2 f5 17. exf5 gxf5 18. Qc3 Bxb5 19. cxb5 Nc5 20. Rfd1 a4 21. Nc4 b6 22. g3
Bg7 23. Qc2 Bf6 24. Bxf6+ Rxf6 25. f4 e4 26. Ne3 Qg6 27. Rg1 Ra7 28. Raf1 Rf7
29. Qc3+ Nf6 30. h3 Rh7 31. Rf2 Kg8 32. Rh2 Rf7 33. Ng2 1-0

[Event "Chigorin Memorial 2014"]
[Site "St Petersburg RUS"]
[Date "2014.10.23"]
[Round "6.133"]
[White "Skvortsov, Alexander"]
[Black "Babanin, Gleb"]
[Result "0-1"]
[WhiteElo "2099"]
[BlackElo "1883"]
[WhiteFideId "24170038"]
[BlackFideId "34152536"]
[EventDate "2014.10.18"]

1. e4 e5 2. Nf3 Nc6 3. Bb5 a6 4. Ba4 Nf6 5. d3 b5 6. Bb3 Be7 7. Bd5 Nxd5 8. exd5
Nd4 9. Nxe5 d6 10. Nc6 Nxc6 11. dxc6 O-O 12. O-O Be6 13. Qf3 d5 14. Bf4 Bf6 15.
c3 d4 16. Qg3 Bh4 17. Bxc7 Bxg3 18. Bxd8 Bxh2+ 19. Kxh2 Rfxd8 20. a4 Rac8 21.
axb5 axb5 22. Nd2 Rd5 23. c4 Rh5+ 24. Kg3 bxc4 25. Nxc4 h6 26. Na5 Rg5+ 27. Kf4
Rxg2 28. b4 Rg4+ 29. Ke5 Rd8 30. f4 Rd5+ 31. Ke4 Rg3 32. f5 Re3+ 33. Kf4 Rxf5+ 0-1

[Event "Chigorin Memorial 2014"]
[Site "St Petersburg RUS"]
[Date "2014.10.23"]
[Round "6.134"]
[White "Rygg, Snorre"]
[Black "Shpartko, Grigory"]
[Result "0-1"]
[WhiteElo "1849"]
[BlackElo "2094"]
[WhiteFideId "1516035"]
[BlackFideId "24122254"]
[EventDate "2014.10.18"]

1. d4 Nf6 2. c4 c5 3. Nf3 g6 4. Nc3 Bg7 5. e4 O-O 6. Be2 d6 7. dxc5 dxc5 8. Be3
Qa5 9. Nd2 Rd8 10. f3 Nc6 11. Qc1 Nd4 12. Nb3 Qb4 13. Nd2 Be6 14. Bxd4 cxd4 15.
Nd5 Bxd5 16. exd5 e6 17. a3 Qe7 18. O-O exd5 19. Re1 Qe3+ 20. Kh1 Bh6 21. Nb3
Qxc1 22. Nxc1 Re8 23. Nb3 Be3 24. Bd3 Rac8 25. cxd5 Nxd5 26. Rad1 Nf4 27. Be4
Kf8 28. Bxb7 Rb8 29. Na5 Bd2 30. Be4 Bxe1 0-1

[Event "Chigorin Memorial 2014"]
[Site "St Petersburg RUS"]
[Date "2014.10.23"]
[Round "6.135"]
[White "Sorokopudov, Vladimir M."]
[Black "Shinkevich, Maksim"]
[Result "1-0"]
[WhiteElo "2091"]
[BlackElo "1825"]
[WhiteFideId "24153052"]
[BlackFideId "24176389"]
[EventDate "2014.10.18"]

1. d4 Nf6 2. c4 g6 3. Nc3 Bg7 4. e4 d6 5. f3 O-O 6. Be3 Nc6 7. Qd2 a6 8. Nge2
Rb8 9. Nc1 Bd7 10. Nb3 Na7 11. a4 c6 12. Be2 Qc7 13. O-O b5 14. axb5 axb5 15. c5
Nc8 16. Rfc1 e5 17. cxd6 Qxd6 18. dxe5 Qxd2 19. Nxd2 Ne8 20. f4 Nc7 21. Nb3 Re8
22. Nc5 Be6 23. g4 Bc4 24. b3 Bxe2 25. Nxe2 Nb6 26. Ra7 Ne6 27. Nxe6 Rxe6 28.
Nd4 Nc8 29. Rc7 Re7 30. R7xc6 Na7 31. Rc7 Rb7 32. Rxe7 Rxe7 33. Nc6 Nxc6 34.
Rxc6 h6 35. Rb6 g5 36. Rxb5 gxf4 37. Bxf4 Rd7 38. Kf2 Rd3 39. Rb8+ Kh7 40. b4
Kg6 41. b5 h5 42. Rb6+ Kh7 43. gxh5 Bf8 44. Be3 Rxe3 45. Kxe3 Bc5+ 46. Kf4 Bxb6
47. Kf5 Bd8 48. e6 f6 49. b6 Bxb6 50. e7 1-0

[Event "Chigorin Memorial 2014"]
[Site "St Petersburg RUS"]
[Date "2014.10.23"]
[Round "6.136"]
[White "Orel, Daniil"]
[Black "Gyokbulut, Julia"]
[Result "1/2-1/2"]
[BlackTitle "WFM"]
[WhiteElo "1841"]
[BlackElo "2086"]
[WhiteFideId "24164895"]
[BlackFideId "4153979"]
[EventDate "2014.10.18"]

1. e4 c5 2. Nf3 a6 3. c3 e6 4. d4 d5 5. exd5 exd5 6. Be2 Nf6 7. O-O c4 8. b3 b5
9. a4 Bb7 10. axb5 axb5 11. Rxa8 Bxa8 12. bxc4 bxc4 13. Ne5 Qa5 14. Bf4 Be7 15.
Nxc4 dxc4 16. Bxb8 O-O 17. Be5 Bd5 18. Bf3 Be6 19. Bxf6 Bxf6 20. Qc2 Rb8 21. Nd2
g6 22. Ne4 Be7 23. g3 Rb3 24. Rc1 Bf5 25. Be2 Qb5 26. Bf3 Rb2 27. Qd1 Kg7 28.
Rc2 Ba3 29. Rxb2 Qxb2 30. Qe1 Qc2 31. g4 Bxe4 32. Bxe4 Qb2 33. Bd5 Qc1 34. Qxc1
Bxc1 35. Bxc4 Bb2 36. Kg2 Bxc3 37. d5 Be5 38. h3 Kf6 39. Kf3 Bd6 40. Ke4 g5 41.
f3 h6 42. Kd4 Ba3 43. Ke4 1/2-1/2

[Event "Chigorin Memorial 2014"]
[Site "St Petersburg RUS"]
[Date "2014.10.23"]
[Round "6.137"]
[White "Alieva, Alexandra"]
[Black "Fokin, Anatoly"]
[Result "1-0"]
[WhiteElo "2085"]
[BlackElo "1765"]
[WhiteFideId "24133353"]
[BlackFideId "24124451"]
[EventDate "2014.10.18"]

1. e4 d5 2. exd5 Nf6 3. Nf3 Nxd5 4. d4 g6 5. c4 Nb6 6. Nc3 Bg7 7. c5 Nd5 8. Bc4
Nxc3 9. bxc3 O-O 10. O-O Nc6 11. Re1 b6 12. Bg5 Bf6 13. Bxf6 exf6 14. d5 Na5 15.
Qd4 Nb7 16. c6 Nd6 17. Nd2 f5 18. Re2 Re8 19. Rae1 Rxe2 20. Rxe2 a5 21. Qe5 Ra7
22. Bd3 Ba6 23. c4 Ra8 24. g3 Qf8 25. Qf6 Re8 26. Rxe8 Qxe8 27. Kg2 Nc8 28. Nf3
Qe7 29. Qd4 f6 30. Qc3 Kf7 31. Nd4 Qe5 32. f4 Qd6 33. Nf3 Qc5 34. Qe1 Qe7 35.
Qd2 Nd6 36. Qc1 Ne4 37. Nd2 Nc5 38. Qc2 Qe3 39. Bf1 Bc8 40. Nb3 Ne4 41. Bd3 g5
42. fxg5 Nxg5 43. Qe2 f4 44. Qxe3 fxe3 45. h4 Nh3 46. Kf3 Nf2 47. Kxe3 Nxd3 48.
Kxd3 Ke7 49. Nd4 Kd6 50. Nb5+ Kc5 51. Nxc7 Bf5+ 52. Kc3 Bb1 53. Ne8 b5 54. g4
Kb6 55. c5+ Ka7 56. c7 Kb7 57. c6+ 1-0

[Event "Chigorin Memorial 2014"]
[Site "St Petersburg RUS"]
[Date "2014.10.23"]
[Round "6.138"]
[White "Kokhnover, Ilya"]
[Black "Belova, Olga"]
[Result "0-1"]
[BlackTitle "WFM"]
[WhiteElo "1840"]
[BlackElo "2080"]
[WhiteFideId "24159174"]
[BlackFideId "4138422"]
[EventDate "2014.10.18"]

1. e4 e5 2. Nf3 Nc6 3. Bb5 a6 4. Ba4 Nf6 5. O-O b5 6. Bb3 Bc5 7. c3 d6 8. d4 Bb6
9. a4 Rb8 10. Na3 O-O 11. axb5 axb5 12. Nxb5 Bg4 13. d5 Ne7 14. Bc2 Qe8 15. c4
Nxe4 16. Bxe4 f5 17. Bd3 e4 18. Be2 exf3 19. Bxf3 Ng6 20. h3 Bxf3 21. Qxf3 Ne5
22. Qc3 f4 23. Nd4 Bxd4 24. Qxd4 Rb4 25. b3 Rxb3 26. Bxf4 Rxh3 27. Bxe5 dxe5 28.
Qg4 Rh6 29. g3 Rf4 30. gxf4 Rg6 31. f3 h5 32. Qg5 exf4 33. Qxg6 Qxg6+ 34. Kf2
Qc2+ 35. Kg1 Qxc4 36. Rac1 Qxd5 37. Rxc7 Qg5+ 38. Kh1 Qh4+ 39. Kg1 Qg3+ 40. Kh1
h4 41. Rc8+ Kh7 42. Rc2 h3 43. Rh2 Kh6 44. Rc2 Kh5 45. Rh2 g5 46. Rff2 g4 47.
fxg4+ Qxg4 48. Rxh3+ Qxh3+ 49. Rh2 Kg4 50. Rxh3 Kxh3 51. Kg1 Kg3 52. Kh1 Kf2 0-1

[Event "Chigorin Memorial 2014"]
[Site "St Petersburg RUS"]
[Date "2014.10.23"]
[Round "6.139"]
[White "Mezentsev, Ivan"]
[Black "Khalikov, Bulat"]
[Result "1-0"]
[WhiteElo "2080"]
[BlackElo "1637"]
[WhiteFideId "13706195"]
[BlackFideId "34147869"]
[EventDate "2014.10.18"]

1. e4 e5 2. Nf3 Nc6 3. Bb5 a6 4. Ba4 Nf6 5. d3 b5 6. Bb3 Be7 7. O-O d6 8. c3 Bg4
9. Nbd2 O-O 10. Re1 Na5 11. Bc2 c5 12. Nf1 Qc7 13. h3 Be6 14. Ne3 Nc6 15. Nh2
Ne8 16. Qf3 g6 17. Nhg4 f6 18. Bb3 Bxb3 19. axb3 Ng7 20. Nd5 Qd8 21. Bh6 Rf7 22.
Bxg7 Kxg7 23. Nge3 Bf8 24. h4 Kg8 25. h5 g5 26. g3 a5 27. Kg2 h6 28. Qf5 Ne7 29.
Nxe7+ Bxe7 30. Ng4 Qf8 31. Qg6+ Rg7 32. Nxh6+ Kh8 33. Qf5 Rh7 34. Ng4 Qf7 35. b4
cxb4 36. cxb4 a4 37. Rac1 Bd8 38. h6 Qd7 39. Ne3 Qxf5 40. Nxf5 Rd7 41. Rc6 Bc7
42. Rec1 Ra7 43. Ne3 Kh7 44. Nd5 Bd8 45. R1c3 Kxh6 46. Rc8 Rab7 47. R3c6 Kg6 48.
g4 Kf7 49. Ra6 Ke6 50. Raa8 Be7 51. Kf3 Kf7 52. Rh8 Kg7 53. Rhc8 Kf7 54. Rc6 Ke6
55. Rg8 Kf7 56. Rcc8 Ra7 57. Ra8 Rab7 58. Rgb8 Ke6 59. Nc3 d5 60. Nxd5 Bd6 61.
Rc8 Be7 62. Ra6+ Rd6 63. Rcc6 Rxc6 64. Rxc6+ Kf7 65. Ke3 Bd8 66. Kd2 Rb8 67. Rd6
Kg7 68. Rd7+ Kg6 69. Ne3 f5 70. gxf5+ Kh6 71. Ng4+ 1-0

[Event "Chigorin Memorial 2014"]
[Site "St Petersburg RUS"]
[Date "2014.10.23"]
[Round "6.140"]
[White "Zhuk, Valeriy"]
[Black "Rubtsov, Aleksandr"]
[Result "1/2-1/2"]
[WhiteElo "2076"]
[BlackElo "1666"]
[WhiteFideId "24151254"]
[BlackFideId "34179272"]
[EventDate "2014.10.18"]

1. e4 e5 2. Nf3 Nc6 3. Bc4 Nf6 4. d3 Bc5 5. Nc3 d6 6. Bg5 h6 7. Bxf6 Qxf6 8. Nd5
Qd8 9. c3 Ne7 10. b4 Bb6 11. a4 c6 12. Nxb6 Qxb6 13. Nh4 d5 14. exd5 cxd5 15.
Bb5+ Nc6 16. Qh5 O-O 17. O-O f5 18. Ng6 Re8 19. Rae1 Qc7 20. g4 fxg4 21. Bxc6
bxc6 22. Nxe5 Ba6 23. Re3 Re7 24. Rfe1 Rae8 25. d4 Bc8 26. Nxg4 Bxg4 27. Qxg4
Rxe3 28. Rxe3 Rxe3 29. fxe3 Qd6 30. Kg2 Kh7 31. h3 Qe7 32. Kf2 Qf6+ 33. Ke2 Qd6
34. Kd3 Qf6 35. e4 Qf1+ 36. Kd2 Qf2+ 37. Qe2 Qf4+ 38. Qe3 Qh2+ 39. Kd3 Qa2 40.
exd5 cxd5 41. Qf3 Qb1+ 42. Kd2 Qb2+ 43. Ke1 Qc1+ 44. Ke2 Qc2+ 45. Kf1 Qc1+ 46.
Kg2 Qd2+ 47. Kh1 Qe1+ 48. Kh2 Qd2+ 49. Qg2 Qf4+ 50. Qg3 Qd2+ 51. Kg1 Qd1+ 52.
Kg2 Qc2+ 53. Qf2 Qe4+ 54. Kh2 Qd3 55. Qb2 Qe4 56. b5 Qf4+ 57. Kg2 Qe4+ 58. Kf2
Qf4+ 59. Ke1 Qe3+ 60. Kd1 Qd3+ 61. Kc1 Qxh3 62. a5 Qf1+ 63. Kc2 Qe2+ 64. Kc1
Qe1+ 65. Kc2 Qe2+ 66. Kc1 Qe1+ 67. Kc2 Qe2+ 1/2-1/2

[Event "Chigorin Memorial 2014"]
[Site "St Petersburg RUS"]
[Date "2014.10.23"]
[Round "6.141"]
[White "Gogin, Artem"]
[Black "Kolodkin, Daniil"]
[Result "0-1"]
[WhiteElo "1815"]
[BlackElo "2072"]
[WhiteFideId "34103780"]
[BlackFideId "1039776"]
[EventDate "2014.10.18"]

1. d4 Nf6 2. Bg5 Ne4 3. Bf4 c5 4. f3 Qa5+ 5. c3 Nf6 6. Nd2 cxd4 7. Nb3 Qf5 8.
Qxd4 Nc6 9. Qd2 e5 10. Bg5 d5 11. Bxf6 Qxf6 12. Qxd5 Be6 13. Qb5 O-O-O 14. e4
Qh4+ 15. g3 Qh6 16. Kf2 Bxb3 17. axb3 Rd2+ 18. Ne2 Be7 19. h4 Kb8 20. Bg2 Bd8
21. c4 Rxe2+ 0-1

[Event "Chigorin Memorial 2014"]
[Site "St Petersburg RUS"]
[Date "2014.10.23"]
[Round "6.142"]
[White "Beltyukov, Denis"]
[Black "Mamyrbay, Assad"]
[Result "1/2-1/2"]
[WhiteElo "1781"]
[BlackElo "2063"]
[WhiteFideId "24139068"]
[BlackFideId "13708880"]
[EventDate "2014.10.18"]

1. d4 Nf6 2. c4 g6 3. Nc3 d5 4. Nf3 Bg7 5. e3 O-O 6. Be2 c5 7. O-O cxd4 8. exd4
Nc6 9. Ne5 Qb6 10. c5 Qd8 11. Nxc6 bxc6 12. Qa4 Qc7 13. g3 Bh3 14. Re1 Nd7 15.
f4 f6 16. Bf3 e5 17. Be3 Rae8 18. Bg2 Bxg2 19. Kxg2 Rf7 20. Bf2 Rfe7 21. b4 exd4
22. Rxe7 Rxe7 23. Bxd4 f5 24. Rd1 Bxd4 25. Rxd4 Nf6 26. Qa6 Re3 27. Rd3 Re1 28.
Rd2 Ne4 29. Nxe4 fxe4 30. a4 e3 31. Re2 Rxe2+ 32. Qxe2 Qe7 33. Kf1 Qe4 34. Qg4
h5 35. Qd1 Qxb4 36. Qd3 Kf7 37. Qxe3 Qxa4 38. f5 Qc4+ 39. Kg1 gxf5 40. Qa3 a6
41. Qa5 Kf6 42. Qb6 Qd4+ 43. Kf1 Qd3+ 44. Kf2 Qd4+ 1/2-1/2

[Event "Chigorin Memorial 2014"]
[Site "St Petersburg RUS"]
[Date "2014.10.23"]
[Round "6.144"]
[White "Isaev, Vasily"]
[Black "Shemyakin, Valeriy"]
[Result "0-1"]
[WhiteElo "1749"]
[BlackElo "2054"]
[WhiteFideId "34152188"]
[BlackFideId "14132818"]
[EventDate "2014.10.18"]

1. e4 g6 2. d4 Bg7 3. Bg5 c5 4. Nf3 cxd4 5. Nxd4 Qb6 6. Be3 Qxb2 7. Nb3 Qe5 8.
N1d2 Qc7 9. Rb1 Nf6 10. Be2 O-O 11. O-O Nc6 12. f4 d6 13. a3 Nd7 14. Qe1 Nb6 15.
Qg3 f5 16. Bd3 Na4 17. exf5 Bxf5 18. Bxf5 Rxf5 19. Nf3 Nc3 20. Rbe1 Nd5 21. Nfd4
Nxe3 22. Rxe3 Nxd4 23. Nxd4 Bxd4 0-1

[Event "Chigorin Memorial 2014"]
[Site "St Petersburg RUS"]
[Date "2014.10.23"]
[Round "6.146"]
[White "Matchenya, Ivan"]
[Black "Yakimov, S.Y."]
[Result "1/2-1/2"]
[BlackTitle "FM"]
[WhiteElo "1659"]
[BlackElo "2155"]
[WhiteFideId "34120120"]
[BlackFideId "4153286"]
[EventDate "2014.10.18"]

1. e4 d5 2. exd5 Qxd5 3. Nc3 Qd6 4. d4 Nf6 5. Nf3 a6 6. g3 Bf5 7. Bg2 Nc6 8. Bf4
Qd8 9. d5 Nb4 10. Nd4 Bg4 11. Qd2 Nbxd5 12. Nxd5 Nxd5 13. c4 Nxf4 14. Bxb7 Ng6
15. Rd1 Ne5 16. f3 Bd7 17. f4 Rb8 18. Qg2 c5 19. Nc6 Nxc6 20. Bxc6 Qa5+ 21. b4
Qxb4+ 22. Kf1 Qxc4+ 23. Kg1 Qd4+ 24. Rxd4 cxd4 25. Bxd7+ Kxd7 26. Qd5+ Ke8 27.
Kg2 Rc8 28. Rb1 e6 29. Qb7 Rc2+ 30. Kh3 Be7 31. Qb8+ Bd8 32. Rb7 Rc5 33. Qd6 Rd5
34. Qc6+ Kf8 35. Rd7 g6 36. Qb7 Rxd7 37. Qxd7 Bf6 38. Qc8+ Kg7 39. Qxa6 Rd8 40.
Qd3 h5 41. a4 Rc8 42. a5 Rc3 43. Qd2 d3 44. a6 Ra3 45. a7 Rxa7 46. Qxd3 Ra2 47.
Qb3 Rb2 48. Qd3 e5 49. fxe5 Bxe5 50. Qd5 Bf6 51. Qd3 g5 52. g4 hxg4+ 53. Kxg4
Rxh2 54. Qf5 Rh4+ 55. Kg3 Rf4 56. Qd5 Kg6 57. Qd3+ Kh6 58. Qe2 Rd4 59. Qe8 Kg7
60. Qe2 Rf4 61. Qh5 Be7 62. Qd1 f5 63. Qa1+ Bf6 64. Qa7+ Kg6 65. Qb8 Re4 66.
Qg8+ Bg7 67. Qd5 Re3+ 68. Kf2 f4 69. Qc6+ Bf6 70. Qc2+ Kg7 71. Qc7+ Be7 72. Qd7
Kf6 73. Qd4+ Kg6 74. Qb6+ Bf6 75. Qb1+ Kh6 76. Qh1+ Kg7 77. Qb7+ Kf8 78. Qa8+
Ke7 79. Qb7+ Ke6 80. Qc6+ Kf5 81. Qd5+ Be5 82. Qf7+ Bf6 83. Qd5+ Kg6 84. Qg8+
Bg7 85. Qd5 g4 86. Qd6+ Kg5 87. Qd5+ Be5 88. Qg8+ Kf5 89. Qc8+ Kg5 90. Qg8+ 1/2-1/2

[Event "Chigorin Memorial 2014"]
[Site "St Petersburg RUS"]
[Date "2014.10.23"]
[Round "6.147"]
[White "Shkurkin, Nikolai"]
[Black "Klevets, Ksenia"]
[Result "1-0"]
[WhiteElo "2204"]
[BlackElo "1850"]
[WhiteFideId "4188306"]
[BlackFideId "24157937"]
[EventDate "2014.10.18"]

1. e4 c5 2. Nc3 Nc6 3. Bb5 g6 4. Bxc6 dxc6 5. d3 Bg7 6. f4 e6 7. Nf3 Ne7 8. O-O
O-O 9. Kh1 b6 10. Be3 Ba6 11. Qe2 Qc7 12. Rae1 Rad8 13. Bc1 Rfe8 14. g4 Qc8 15.
e5 Rf8 16. Ne4 Kh8 17. b3 Nd5 18. Qf2 Qc7 19. Nfg5 Bc8 20. Qh4 h6 21. Nf6 Qe7
22. Nge4 Rde8 23. f5 exf5 24. Bxh6 Qc7 25. Bg5+ 1-0

[Event "Chigorin Memorial 2014"]
[Site "St Petersburg RUS"]
[Date "2014.10.23"]
[Round "6.148"]
[White "Shapar, Tatiana"]
[Black "Leite, Catarina"]
[Result "0-1"]
[BlackTitle "WIM"]
[WhiteElo "1877"]
[BlackElo "2154"]
[WhiteFideId "24174840"]
[BlackFideId "1901222"]
[EventDate "2014.10.18"]

1. e4 c5 2. Nf3 d6 3. d4 cxd4 4. Nxd4 Nf6 5. Nc3 a6 6. Bc4 e6 7. Bb3 Nbd7 8. f4
Nc5 9. e5 dxe5 10. fxe5 Nfd7 11. Bf4 b5 12. O-O Bb7 13. Bg3 Be7 14. Qg4 O-O 15.
Rad1 Qb6 16. Kh1 Rad8 17. Bf4 Kh8 18. Nce2 f5 19. exf6 Rxf6 20. Bg3 Rg6 21. Qh3
Rh6 22. Qg4 Nf6 23. Nxe6 Rg8 24. Ng5 Rf8 25. Qd4 Qc6 26. Qf2 Nxb3 27. cxb3 Nd7
28. Nd4 Rxf2 29. Nxc6 Rxf1+ 30. Rxf1 Rxc6 0-1

[Event "Chigorin Memorial 2014"]
[Site "St Petersburg RUS"]
[Date "2014.10.23"]
[Round "6.149"]
[White "Levin, Evgeny"]
[Black "Nikitinyh, Boris"]
[Result "0-1"]
[WhiteElo "1835"]
[BlackElo "2138"]
[WhiteFideId "2810476"]
[BlackFideId "4198328"]
[EventDate "2014.10.18"]

1. c4 Nf6 2. Nc3 g6 3. g3 Bg7 4. Bg2 O-O 5. d4 d6 6. e4 Nc6 7. Nge2 e5 8. d5 Nd4
9. Nxd4 exd4 10. Ne2 Re8 11. f3 c5 12. dxc6 bxc6 13. Nxd4 Qa5+ 14. Kf2 Qc5 15.
Be3 Rxe4 16. Nc2 Qf5 17. Kg1 Rxc4 18. Na3 Rb4 19. Qxd6 Rxb2 20. Qd8+ Bf8 21. Bh6
Qc5+ 0-1

[Event "Chigorin Memorial 2014"]
[Site "St Petersburg RUS"]
[Date "2014.10.23"]
[Round "6.150"]
[White "Rudenko, Eugeny"]
[Black "Shilnikov, Igor S."]
[Result "1-0"]
[WhiteElo "2138"]
[BlackElo "1839"]
[WhiteFideId "14108356"]
[BlackFideId "4155653"]
[EventDate "2014.10.18"]

1. e4 e5 2. Nf3 Nc6 3. Bb5 g6 4. c3 Bg7 5. d4 Nge7 6. d5 Nb8 7. d6 Nec6 8. Bg5
f6 9. Be3 cxd6 10. a4 Qe7 11. Bc4 Nd8 12. Na3 a6 13. Bd5 Nbc6 14. Nc4 Bf8 15.
Nb6 Rb8 16. Ba2 Ne6 17. Nd5 Qg7 18. Bb6 Be7 19. Nc7+ Nxc7 20. Bxc7 Ra8 21. Nd2
b5 22. axb5 axb5 23. Bf7+ Qxf7 24. Rxa8 O-O 25. Qb3 Qxb3 26. Nxb3 Kf7 27. Ke2 f5
28. f3 Ke6 29. Rd1 fxe4 30. fxe4 Bb7 31. Rxf8 Bxf8 32. Rf1 Be7 33. Kd3 Ba6 34.
Ra1 Bb7 35. Na5 Nxa5 36. Rxa5 Bc6 37. b3 Bg5 38. g3 Be7 39. Ra1 d5 40. exd5+
Bxd5 41. Ra6+ Bc6 42. Bb6 h5 43. Be3 Kf5 44. Ba7 Kg4 45. Bb8 Bf6 46. Ke3 Kh3 47.
Ra2 Bg5+ 48. Kf2 Bf6 49. Re2 e4 50. Re3 Kg4 51. Ba7 Bg5 52. Re2 Kf5 53. Be3 Bf6
54. Bd4 Be7 55. b4 Bd5 56. Ke1 g5 57. Rf2+ Ke6 58. Be3 Bc4 59. Kd2 d6 60. Rg2
Bf1 61. Rg1 Bh3 62. Ra1 Kd5 63. Ra7 Bf6 64. Rf7 Ke6 65. Rh7 Bg4 66. Rb7 h4 67.
Rxb5 hxg3 68. hxg3 Be5 69. Bxg5 Bxg3 70. Be3 Be5 71. Rb8 Kd7 72. Rf8 Be6 73. Bf4
Bg7 74. Ra8 Bf6 75. Ra7+ Kc6 76. Ra6+ Kc7 77. Rxd6 Bg5 78. Rxe6+ Bxf4+ 79. Ke2 1-0

[Event "Chigorin Memorial 2014"]
[Site "St Petersburg RUS"]
[Date "2014.10.23"]
[Round "6.152"]
[White "Zakharov, Yuri"]
[Black "Bimiev, Ahmad"]
[Result "0-1"]
[WhiteElo "1830"]
[BlackElo "2090"]
[WhiteFideId "4166620"]
[BlackFideId "24102938"]
[EventDate "2014.10.18"]

1. Nf3 Nf6 2. g3 d5 3. d4 e6 4. Bg2 Bd6 5. b3 O-O 6. Bb2 Nbd7 7. Nbd2 a5 8. a4
c5 9. dxc5 Nxc5 10. O-O Qc7 11. Nd4 Bd7 12. Rc1 e5 13. Nb5 Bxb5 14. axb5 Rad8
15. c4 d4 16. Qc2 b6 17. Nf3 Rfe8 18. Rfd1 Bf8 19. Ne1 h6 20. Bc6 Re6 21. Bg2 g6
22. Nd3 Nxd3 23. exd3 Bb4 24. Rb1 Kg7 25. Bh3 Re7 26. Qe2 Qc5 27. f3 Ne8 28. Kh1
f5 29. Qf2 Nf6 30. Bg2 Qd6 31. Qc2 Kh7 32. Bc1 e4 33. fxe4 fxe4 34. Bf4 Qd7 35.
Bd2 Bxd2 36. Qxd2 e3 37. Qe2 Rf8 38. Rf1 Rff7 39. Rf4 g5 40. Rff1 Ng4 41. Rxf7+
Rxf7 42. Be4+ Kg7 43. Bf3 Nf2+ 44. Kg1 Qf5 45. Bd5 Re7 46. Rf1 Qxd3 0-1

[Event "Chigorin Memorial 2014"]
[Site "St Petersburg RUS"]
[Date "2014.10.23"]
[Round "6.153"]
[White "Bezulenko, Evgeny"]
[Black "Rozhnov, Valeriy"]
[Result "1-0"]
[WhiteElo "1827"]
[BlackElo "2069"]
[WhiteFideId "24105996"]
[BlackFideId "34183784"]
[EventDate "2014.10.18"]

1. g3 Nf6 2. Bg2 e6 3. Nf3 d5 4. d4 Nbd7 5. O-O Bd6 6. Nbd2 c6 7. c4 b6 8. a4 a5
9. b3 O-O 10. Qc2 Bb7 11. e4 dxe4 12. Nxe4 Nxe4 13. Qxe4 Nf6 14. Qc2 c5 15. Rd1
Qc7 16. Bb2 Be7 17. dxc5 bxc5 18. Be5 Qc6 19. Rd3 Ng4 20. Bc3 e5 21. Rd5 Qf6 22.
Bd2 g5 23. h3 Bxd5 24. cxd5 Nxf2 25. Kxf2 Qb6 26. Qc4 Rab8 27. Rb1 Rfe8 28. Bc3
e4 29. Ne5 e3+ 30. Kg1 Qd6 31. Rf1 f6 32. Nc6 e2 33. Qxe2 Bf8 34. Qc4 Bg7 35.
Nxb8 Rxb8 36. Rf3 Re8 37. Qd3 Qb6 38. Ba1 c4+ 39. Qd4 Re1+ 40. Kh2 Qxd4 41. Bxd4
Re4 42. Bb2 cxb3 43. Rxb3 Rxa4 1-0